Nammude pavangal / (Record no. 334061)

MARC details
000 -LEADER
fixed length control field 00428cam a2200181ua 4500
020 ## - INTERNATIONAL STANDARD BOOK NUMBER
Terms of availability 1.00
041 ## - LANGUAGE CODE
Language code of text/sound track or separate title mal
Language code of original
082 ## - DEWEY DECIMAL CLASSIFICATION NUMBER
Classification number 894.812 301
Item number KUN/NA
100 ## - MAIN ENTRY--PERSONAL NAME
Personal name Kunchu, N .
245 ## - TITLE STATEMENT
Title Nammude pavangal /
Statement of responsibility, etc. N Kunchu.
Medium Textual Documents
250 ## - EDITION STATEMENT
Edition statement 1 /
Remainder of edition statement .
260 ## - PUBLICATION, DISTRIBUTION, ETC. (IMPRINT)
Place of publication, distribution, etc. Tiruvalla :
Name of publisher, distributor, etc. Saraswathi Prakshan ,
Date of publication, distribution, etc. 1946.
300 ## - PHYSICAL DESCRIPTION
Extent 64 ; .
365 ## - TRADE PRICE
Price type code 1.00
504 ## - BIBLIOGRAPHY, ETC. NOTE
Bibliography, etc
942 ## - ADDED ENTRY ELEMENTS (KOHA)
Koha item type Books (General)
Holdings
Withdrawn status Lost status Damaged status Not for loan Home library Current library Date acquired Cost, normal purchase price Total Checkouts Full call number Barcode Date last seen Price effective from Koha item type
Written off       Kelappaji College of Agricultural Engineering & Technology Library, Tavanur Kelappaji College of Agricultural Engineering & Technology Library, Tavanur 07/04/2012 0.75   894.812 301 KAU_KCAEFT-923 26/07/2019 03/09/2025 Books (General)
Kerala Agricultural University Central Library
Thrissur-(Dt.), Kerala Pin:- 680656, India
Ph : (+91)(487) 2372219
E-mail: librarian@kau.in
Website: http://library.kau.in/